Dodávateľsko-odberateľské vzťahy a hmotné bilancovanie komentár k novej úprave

Enregistré dans:
Détails bibliographiques
Auteur principal: Zirin, Anton
Format: Livre
Langue:slovaque
Publié: Bratislava Alfa 1982
Édition:2. dopln. vyd.
Collection:Edícia ekonomickej literatúry
Tags: Ajouter un tag
Pas de tags, Soyez le premier à ajouter un tag!

MARC

LEADER 00000nam a2200000 4500
001 c129259
005 20041019155245.8
041 0 |a slo 
044 |a SK 
245 1 0 |a Dodávateľsko-odberateľské vzťahy a hmotné bilancovanie  |b komentár k novej úprave  |c Anton Zirin 
250 |a 2. dopln. vyd. 
264 1 |a Bratislava  |b Alfa  |c 1982 
300 |a 223 s. 
490 1 |a Edícia ekonomickej literatúry 
830 0 |a Edícia ekonomickej literatúry 
100 1 |a Zirin, Anton